[Event "II Festival Scacchisti.it A"]
[Site "Acqui Terme ITA"]
[Date "2013.07.07"]
[Round "1"]
[White "Aleksic, Nenad"]
[Black "Carosso, Andrea"]
[WhiteElo "2366"]
[BlackElo "2018"]
[Result "1-0"]
[PlyCount "25"]
[EventDate "2013.07.07"]

1. e4 c5 2. Nf3 d6 3. d4 cxd4 4. Nxd4 Nf6 5. Nc3 a6 6. g3 b5 7. Bg2 Bb7 8. O-O
e6 9. Re1 Be7 10. e5 Nd5 11. Nxd5 Bxd5 12. Bxd5 exd5 13. exd6 1-0

[Event "II Festival Scacchisti.it A"]
[Site "Acqui Terme ITA"]
[Date "2013.07.07"]
[Round "1"]
[White "Bisi, Samuele"]
[Black "Rombaldoni, Denis"]
[WhiteElo "2080"]
[BlackElo "2484"]
[Result "0-1"]
[PlyCount "49"]
[EventDate "2013.07.07"]

1. d4 Nf6 2. c4 c6 3. Nc3 d5 4. Nf3 a6 5. c5 Nbd7 6. Bf4 g6 7. e3 Bg7 8. h3 O-O
9. Be2 Ne8 10. O-O Nc7 11. b4 Re8 12. Qb3 e5 13. dxe5 Nxe5 14. Nxe5 Bxe5 15.
Bxe5 Rxe5 16. Rfd1 Qh4 17. Rd4 Qh6 18. Kh2 Ne6 19. Rdd1 Ng5 20. f4 Rxe3 21.
fxg5 Qxg5 22. Rac1 Bxh3 23. Bf1 Bg4 24. Re1 Rxe1 25. Rxe1 0-1

[Event "II Festival Scacchisti.it A"]
[Site "Acqui Terme ITA"]
[Date "2013.07.07"]
[Round "1"]
[White "Djuric, Stefan"]
[Black "Berni, Mauro"]
[WhiteElo "2434"]
[BlackElo "2043"]
[Result "1-0"]
[PlyCount "79"]
[EventDate "2013.07.07"]

1. e4 c5 2. Nf3 Nc6 3. Nc3 g6 4. Bb5 Bg7 5. O-O d6 6. Re1 Bd7 7. Bxc6 Bxc6 8.
d4 cxd4 9. Nxd4 Nf6 10. a4 O-O 11. a5 Rc8 12. Bg5 Bd7 13. Qd2 Rc4 14. Nb3 Be6
15. h3 Qd7 16. Rad1 Qc6 17. Qe3 b5 18. Nd4 Qa6 19. b3 Rc5 20. Na2 Qb7 21. Nb4
a6 22. f3 Rfc8 23. Qd2 Qa7 24. Be3 Nd7 25. Ndc6 R8xc6 26. Nxc6 Qc7 27. Bxc5
Nxc5 28. Nd4 Nb7 29. Kh1 Nxa5 30. Nxe6 fxe6 31. e5 Bxe5 32. Rxe5 dxe5 33. Qd8+
Qxd8 34. Rxd8+ Kf7 35. Ra8 Nb7 36. Kg1 e4 37. fxe4 Nc5 38. e5 Nd7 39. Rxa6 Nxe5
40. Ra5 1-0

[Event "II Festival Scacchisti.it A"]
[Site "Acqui Terme ITA"]
[Date "2013.07.07"]
[Round "1"]
[White "Drasko, Milan"]
[Black "Farrand, Julian T."]
[WhiteElo "2458"]
[BlackElo "2076"]
[Result "1-0"]
[PlyCount "43"]
[EventDate "2013.07.07"]

1. Nf3 d6 2. d4 f5 3. g3 Nf6 4. Bg2 g6 5. b3 Bg7 6. Bb2 O-O 7. Nbd2 Nbd7 8. O-O
Qe8 9. Re1 e5 10. dxe5 dxe5 11. e4 f4 12. Nc4 fxg3 13. fxg3 Ng4 14. h3 Nh6 15.
Qd5+ Kh8 16. Nfxe5 Nb6 17. Qc5 c6 18. Rf1 Rxf1+ 19. Rxf1 Be6 20. Nd6 Qg8 21.
Qe3 Nd7 22. Nxg6+ 1-0

[Event "II Festival Scacchisti.it A"]
[Site "Acqui Terme ITA"]
[Date "2013.07.07"]
[Round "1"]
[White "Varvaglione, Antonio"]
[Black "Laketic, Gojko"]
[WhiteElo "2035"]
[BlackElo "2411"]
[Result "1/2-1/2"]
[PlyCount "26"]
[EventDate "2013.07.07"]

1. e4 e6 2. d3 d5 3. Nd2 c5 4. Ngf3 Nc6 5. g3 Bd6 6. Bg2 Nge7 7. c3 O-O 8. h4
e5 9. O-O d4 10. cxd4 cxd4 11. Nc4 Bc7 12. a4 f6 13. Bd2 Be6 1/2-1/2

[Event "II Festival Scacchisti.it A"]
[Site "Acqui Terme ITA"]
[Date "2013.07.08"]
[Round "2"]
[White "De Filomeno, Simone"]
[Black "Pescatore, Lorenzo"]
[WhiteElo "2385"]
[BlackElo "2230"]
[Result "1/2-1/2"]
[PlyCount "54"]
[EventDate "2013.07.07"]

1. e4 c5 2. Nf3 Nc6 3. Bb5 d6 4. O-O Bd7 5. Re1 a6 6. Bf1 g6 7. h3 Bg7 8. c3 e5
9. d3 Nge7 10. Be3 O-O 11. d4 exd4 12. cxd4 cxd4 13. Nxd4 d5 14. Nc3 dxe4 15.
Nxe4 Nd5 16. Bg5 Qb6 17. Nb3 Be6 18. Qd2 Nd4 19. Nxd4 Qxd4 20. Qxd4 Bxd4 21.
Rad1 Bxb2 22. Rb1 Bd4 23. Rxb7 Rfb8 24. Reb1 Rxb7 25. Rxb7 Nc3 26. Nxc3 Bxc3
27. a4 a5 1/2-1/2

[Event "II Festival Scacchisti.it A"]
[Site "Acqui Terme ITA"]
[Date "2013.07.08"]
[Round "2"]
[White "Mollero, Michele"]
[Black "Djuric, Stefan"]
[WhiteElo "2230"]
[BlackElo "2434"]
[Result "0-1"]
[PlyCount "65"]
[EventDate "2013.07.07"]

1. d4 c5 2. Nf3 cxd4 3. Nxd4 Nf6 4. c4 e6 5. Nc3 Bb4 6. Ndb5 O-O 7. a3 Bxc3+ 8.
Nxc3 d5 9. Bg5 Nc6 10. e3 h6 11. Bh4 d4 12. exd4 Nxd4 13. Bd3 e5 14. O-O Re8
15. Re1 Bd7 16. Be4 g5 17. Bg3 Nxe4 18. Rxe4 f6 19. Qh5 Kg7 20. f4 Bf5 21. fxe5
Bxe4 22. Nxe4 f5 23. Nd6 Ne2+ 24. Kh1 Nxg3+ 25. hxg3 Rf8 26. Rf1 Qd7 27. c5 Qc6
28. Qf3 Qxc5 29. Nxf5+ Kh8 30. g4 Rf7 31. a4 Raf8 32. Qd1 h5 33. gxh5 0-1

[Event "II Festival Scacchisti.it A"]
[Site "Acqui Terme ITA"]
[Date "2013.07.08"]
[Round "2"]
[White "Rombaldoni, Denis"]
[Black "Astengo, Marcello"]
[WhiteElo "2484"]
[BlackElo "2091"]
[Result "1-0"]
[PlyCount "61"]
[EventDate "2013.07.07"]

1. d4 d5 2. c4 c6 3. Nf3 e6 4. e3 Nf6 5. b3 Nbd7 6. Bd3 Be7 7. O-O O-O 8. Nc3
b6 9. Bb2 Bb7 10. Qc2 Rc8 11. Rad1 Qc7 12. Ne5 Nxe5 13. dxe5 Ng4 14. Bxh7+ Kh8
15. Qe2 Kxh7 16. Qxg4 Rfd8 17. f4 Kg8 18. cxd5 cxd5 19. Nb5 Qc2 20. Rf2 Qh7 21.
Nd4 Bc5 22. f5 Bxd4 23. Bxd4 exf5 24. Rxf5 Rc6 25. Rdf1 Bc8 26. Qg5 Re8 27.
Rxf7 Rg6 28. Qf4 Rxg2+ 29. Kxg2 Bh3+ 30. Kh1 Bxf1 31. e6 1-0

[Event "II Festival Scacchisti.it A"]
[Site "Acqui Terme ITA"]
[Date "2013.07.08"]
[Round "2"]
[White "Sepehrkhoui, Ardeshir"]
[Black "Drasko, Milan"]
[WhiteElo "2112"]
[BlackElo "2458"]
[Result "1/2-1/2"]
[PlyCount "91"]
[EventDate "2013.07.07"]

1. Nf3 Nf6 2. g3 d5 3. Bg2 c6 4. O-O Bg4 5. d3 e6 6. Nbd2 Be7 7. Qe1 O-O 8. e4
a5 9. Ne5 Bh5 10. h3 Nfd7 11. Nxd7 Nxd7 12. a4 f5 13. Nb3 Nc5 14. Nxc5 Bxc5 15.
Be3 Qb6 16. Bxc5 Qxc5 17. Qc3 Qxc3 18. bxc3 fxe4 19. dxe4 Rad8 20. Rab1 Rf7 21.
Rfe1 Bg6 22. f4 dxe4 23. Bxe4 Rd2 24. Rb2 Re7 25. Kf1 Kf7 26. Bxg6+ Kxg6 27.
Re2 Rxe2 28. Kxe2 e5 29. fxe5 Rxe5+ 30. Kd3 b5 31. c4 bxc4+ 32. Kxc4 Re4+ 33.
Kd3 Rxa4 34. Rb6 Ra1 35. Rxc6+ Kf5 36. Rc7 Kf6 37. Rc6+ Kg5 38. Rc5+ Kh6 39.
Ke3 a4 40. Ra5 a3 41. Kf2 Kg6 42. c4 Kf6 43. c5 Ke5 44. c6+ Kd6 45. Ra6 Kc7 46.
Kg2 1/2-1/2

[Event "II Festival Scacchisti.it A"]
[Site "Acqui Terme ITA"]
[Date "2013.07.08"]
[Round "2"]
[White "Sergeev, Vladimir"]
[Black "Richardson, keith B."]
[WhiteElo "2436"]
[BlackElo "2132"]
[Result "1-0"]
[PlyCount "57"]
[EventDate "2013.07.07"]

1. d4 Nf6 2. Nf3 g6 3. c4 Bg7 4. Nc3 O-O 5. g3 d6 6. Bg2 Nc6 7. O-O e5 8. d5
Ne7 9. c5 Ne8 10. cxd6 Nxd6 11. Qb3 Bf5 12. Rd1 Qd7 13. Ng5 h6 14. Nge4 Bxe4
15. Nxe4 Nxe4 16. Bxe4 Nc8 17. d6 Nxd6 18. Bxg6 Qb5 19. Qxb5 Nxb5 20. Bd3 Rad8
21. Bd2 Nd4 22. Kf1 Rfe8 23. Be4 c6 24. g4 Rd7 25. Ba5 b6 26. Bxc6 Nxc6 27.
Rxd7 Nxa5 28. Rc1 e4 29. b4 1-0

[Event "II Festival Scacchisti.it A"]
[Site "Acqui Terme ITA"]
[Date "2013.07.09"]
[Round "3"]
[White "Accardo, Maurizio"]
[Black "Laketic, Gojko"]
[WhiteElo "1811"]
[BlackElo "2411"]
[Result "0-1"]
[PlyCount "60"]
[EventDate "2013.07.07"]

1. e4 Nf6 2. e5 Nd5 3. c4 Nb6 4. d4 d6 5. exd6 cxd6 6. Nc3 g6 7. Be3 Bg7 8. Rc1
O-O 9. b3 Bf5 10. Nf3 Bg4 11. Be2 d5 12. c5 Nc8 13. h3 Bxf3 14. Bxf3 e6 15. Qd2
Nc6 16. O-O N8e7 17. Ne2 Nf5 18. Bg4 Nxe3 19. Qxe3 h5 20. Bf3 Kh7 21. Rcd1 b6
22. Qc3 bxc5 23. Qxc5 Qb6 24. b4 Nxb4 25. Qxb6 axb6 26. Rb1 Nc2 27. Rfd1 Rxa2
28. Rxb6 Ra4 29. Rb7 Nxd4 30. Nxd4 Bxd4 0-1

[Event "II Festival Scacchisti.it A"]
[Site "Acqui Terme ITA"]
[Date "2013.07.09"]
[Round "3"]
[White "Djuric, Stefan"]
[Black "Briata, Federico"]
[WhiteElo "2434"]
[BlackElo "1879"]
[Result "1-0"]
[PlyCount "69"]
[EventDate "2013.07.07"]

1. d4 Nf6 2. Nf3 g6 3. c4 Bg7 4. g3 O-O 5. Bg2 d5 6. cxd5 Nxd5 7. O-O Nb6 8.
Nc3 Nc6 9. d5 Nb4 10. e4 f5 11. Ng5 h6 12. Qb3 hxg5 13. Bxg5 N4xd5 14. exd5 Bf6
15. Bf4 Kg7 16. h4 Bd7 17. a4 a5 18. Rfe1 Be8 19. Nb5 Bxb5 20. Qxb5 Qd7 21.
Qxd7 Nxd7 22. Rac1 Rfc8 23. Bxc7 Bxb2 24. Rxe7+ Kf8 25. Rxd7 Bxc1 26. d6 b5 27.
axb5 a4 28. Bd5 a3 29. Rf7+ Kg8 30. Ba2 Re8 31. b6 Re1+ 32. Kg2 Re2 33. b7 Rae8
34. Re7+ Rxa2 35. Rxe8+ 1-0

[Event "II Festival Scacchisti.it A"]
[Site "Acqui Terme ITA"]
[Date "2013.07.09"]
[Round "3"]
[White "Drasko, Milan"]
[Black "Kachiani-Gersinska, Ketino"]
[WhiteElo "2458"]
[BlackElo "2362"]
[Result "1-0"]
[PlyCount "101"]
[EventDate "2013.07.07"]

1. Nf3 Nf6 2. g3 g6 3. Bg2 Bg7 4. O-O O-O 5. d4 d5 6. c4 dxc4 7. Na3 c3 8. bxc3
c5 9. e3 Nc6 10. Bb2 Qb6 11. Qe2 Bf5 12. Nc4 Qa6 13. Rfe1 cxd4 14. exd4 Be4 15.
Bf1 Rfd8 16. Nfd2 Bd5 17. Nb3 Bh6 18. Ne3 Qxe2 19. Bxe2 Bxb3 20. axb3 e5 21.
dxe5 Nxe5 22. c4 Bxe3 23. Bxe5 Bd4 24. Bxd4 Rxd4 25. Bf3 Rd7 26. Ra6 Nd5 27.
Bxd5 Rxd5 28. Rxa7 Rxa7 29. cxd5 Ra5 30. Rd1 Kf8 31. d6 Ke8 32. Re1+ Kd7 33.
Re7+ Kxd6 34. Rxf7 Rb5 35. Rxh7 Ke6 36. h4 Rxb3 37. Kg2 b5 38. g4 b4 39. Rb7
Rb1 40. Rb6+ Kf7 41. Kg3 Rb2 42. f3 b3 43. Kf4 Rh2 44. Kg5 b2 45. Rb7+ Kf8 46.
Kxg6 Rxh4 47. Rxb2 Rh3 48. f4 Rg3 49. g5 Rc3 50. Rb8+ Ke7 51. f5 1-0

[Event "II Festival Scacchisti.it A"]
[Site "Acqui Terme ITA"]
[Date "2013.07.09"]
[Round "3"]
[White "Sergeev, Vladimir"]
[Black "Rombaldoni, Denis"]
[WhiteElo "2436"]
[BlackElo "2484"]
[Result "1/2-1/2"]
[PlyCount "75"]
[EventDate "2013.07.07"]

1. c4 Nc6 2. Nf3 e5 3. d4 exd4 4. Nxd4 Bb4+ 5. Bd2 a5 6. Nxc6 dxc6 7. Bc3 Qxd1+
8. Kxd1 Nf6 9. f3 O-O 10. Kc2 Re8 11. e4 Nh5 12. Nd2 f5 13. g3 fxe4 14. Nxe4
Bf5 15. Bd3 Bxe4 16. Bxe4 Bxc3 17. Kxc3 Nf6 18. Rae1 Nxe4+ 19. Rxe4 Rxe4 20.
fxe4 Kf7 21. Rf1+ Ke6 22. Kd4 Rd8+ 23. Ke3 c5 24. h4 g6 25. b3 h5 26. Rg1 Kf6
27. Rf1+ Ke6 28. Rg1 Kf6 29. Rg2 Rd4 30. Rf2+ Ke5 31. Rf7 Rxe4+ 32. Kf3 Rd4 33.
Rxc7 b6 34. Re7+ Kf5 35. Rf7+ Ke5 36. Re7+ Kf5 37. Rf7+ Ke5 38. Re7+ 1/2-1/2

[Event "II Festival Scacchisti.it A"]
[Site "Acqui Terme ITA"]
[Date "2013.07.09"]
[Round "4"]
[White "Aghayev, Miragha"]
[Black "Sergeev, Vladimir"]
[WhiteElo "2299"]
[BlackElo "2436"]
[Result "1-0"]
[PlyCount "75"]
[EventDate "2013.07.07"]

1. e4 d6 2. d4 g6 3. f4 d5 4. exd5 Qxd5 5. Nc3 Qd8 6. Bc4 Bg7 7. Nf3 Nh6 8. Ne5
Nd7 9. Be3 Nb6 10. Bb3 e6 11. Qf3 a5 12. a3 c6 13. O-O Nf5 14. Kh1 a4 15. Ba2
O-O 16. Rad1 Nxe3 17. Qxe3 Nd5 18. Qf3 Qc7 19. Ne4 b6 20. h4 Ba6 21. c4 Ne7 22.
h5 f6 23. Nd3 gxh5 24. Nb4 Bb7 25. c5 Nd5 26. Nd6 f5 27. Qxh5 bxc5 28. dxc5
Rad8 29. Rd3 Rxd6 30. cxd6 Qxd6 31. Rh3 h6 32. Rg3 Rf6 33. Nd3 c5 34. Bxd5 Bxd5
35. Ne5 Kh7 36. Qe8 Qa6 37. Re1 Qb7 38. Nd7 1-0

[Event "II Festival Scacchisti.it A"]
[Site "Acqui Terme ITA"]
[Date "2013.07.09"]
[Round "4"]
[White "Cordara, Michele"]
[Black "Mollero, Michele"]
[WhiteElo "1989"]
[BlackElo "2230"]
[Result "0-1"]
[PlyCount "48"]
[EventDate "2013.07.07"]

1. Nf3 Nf6 2. c4 c6 3. b3 d5 4. Bb2 Bf5 5. g3 e6 6. Bg2 Bc5 7. O-O O-O 8. d3 h6
9. a3 a5 10. Nbd2 Nbd7 11. Ne1 Qe7 12. h3 e5 13. e4 dxe4 14. dxe4 Bg6 15. Nd3
Rfd8 16. Qe2 Qd6 17. Nf3 Nxe4 18. Nfxe5 Nxg3 19. Qg4 Nxe5 20. Bxe5 Qxd3 21.
Qxg3 Qxg3 22. Bxg3 Rd3 23. b4 Rxg3 24. bxc5 Rg5 0-1

[Event "II Festival Scacchisti.it A"]
[Site "Acqui Terme ITA"]
[Date "2013.07.09"]
[Round "4"]
[White "Kirsanova, Ekaterina"]
[Black "Aleksic, Nenad"]
[WhiteElo "2153"]
[BlackElo "2366"]
[Result "1/2-1/2"]
[PlyCount "42"]
[EventDate "2013.07.07"]

1. d4 Nf6 2. Nf3 b6 3. e3 Bb7 4. Bd3 e6 5. Nbd2 c5 6. O-O Be7 7. b3 O-O 8. Bb2
d6 9. Qe2 Nbd7 10. c4 Qc7 11. Rac1 Rfe8 12. Rfe1 Rac8 13. e4 cxd4 14. Nxd4 a6
15. a3 Bf8 16. Nb1 Ne5 17. Nd2 Nxd3 18. Qxd3 Qd8 19. b4 g6 20. f3 Bg7 21. N2b3
Nd7 1/2-1/2

[Event "II Festival Scacchisti.it A"]
[Site "Acqui Terme ITA"]
[Date "2013.07.09"]
[Round "4"]
[White "Rombaldoni, Denis"]
[Black "Djuric, Stefan"]
[WhiteElo "2484"]
[BlackElo "2434"]
[Result "1/2-1/2"]
[PlyCount "57"]
[EventDate "2013.07.07"]

1. d4 d5 2. Nf3 c6 3. e3 Nf6 4. c4 g6 5. Nc3 Bg7 6. Bd3 O-O 7. h3 c5 8. dxc5
Na6 9. cxd5 Nxd5 10. Nxd5 Qxd5 11. Bxa6 Qxd1+ 12. Kxd1 bxa6 13. Nd4 Rd8 14. Bd2
Bxd4 15. exd4 Bb7 16. f3 Rxd4 17. Ke2 f6 18. Be3 Rb4 19. b3 Bc6 20. Rhd1 Kf7
21. Rd2 a5 22. Rd4 Rxd4 23. Bxd4 Rd8 24. Be3 a4 25. Rc1 Rb8 26. Rc3 axb3 27.
axb3 h5 28. h4 Rb4 29. Bf2 1/2-1/2

[Event "II Festival Scacchisti.it A"]
[Site "Acqui Terme ITA"]
[Date "2013.07.10"]
[Round "5"]
[White "Di Paolo, Raffaele"]
[Black "Laketic, Gojko"]
[WhiteElo "2274"]
[BlackElo "2411"]
[Result "0-1"]
[PlyCount "52"]
[EventDate "2013.07.07"]

1. d4 Nf6 2. c4 c6 3. Nf3 d5 4. Nc3 a6 5. cxd5 cxd5 6. g3 Nc6 7. Bg2 Bf5 8. O-O
e6 9. Nh4 Bg4 10. h3 Bh5 11. a3 Nd7 12. Nf3 Be7 13. b4 Rc8 14. g4 Bg6 15. Na4
b6 16. Bf4 a5 17. bxa5 Nxa5 18. Ra2 O-O 19. Ne1 b5 20. Nb2 Qb6 21. Bd2 Rfe8 22.
e3 Nc4 23. Nxc4 bxc4 24. a4 Qb3 25. Qa1 Rb8 26. Nf3 Bb1 0-1

[Event "II Festival Scacchisti.it A"]
[Site "Acqui Terme ITA"]
[Date "2013.07.10"]
[Round "5"]
[White "Djuric, Stefan"]
[Black "Aghayev, Miragha"]
[WhiteElo "2434"]
[BlackElo "2299"]
[Result "1/2-1/2"]
[PlyCount "36"]
[EventDate "2013.07.07"]

1. d4 Nf6 2. c4 g6 3. g3 Bg7 4. Bg2 d5 5. cxd5 Nxd5 6. e4 Nb6 7. Ne2 c5 8. d5
e6 9. O-O exd5 10. exd5 O-O 11. Nbc3 Na6 12. Nf4 Re8 13. h3 h5 14. Nb5 Bf5 15.
a4 Qd7 16. Na3 Nxa4 17. Nc4 b5 18. Ne3 Bd4 1/2-1/2

[Event "II Festival Scacchisti.it A"]
[Site "Acqui Terme ITA"]
[Date "2013.07.10"]
[Round "5"]
[White "Mollero, Michele"]
[Black "Rombaldoni, Denis"]
[WhiteElo "2230"]
[BlackElo "2484"]
[Result "0-1"]
[PlyCount "42"]
[EventDate "2013.07.07"]

1. d4 d5 2. c4 Nc6 3. e3 e5 4. cxd5 Qxd5 5. Nc3 Bb4 6. Bd2 Bxc3 7. bxc3 exd4 8.
cxd4 Nf6 9. Qf3 Be6 10. Ne2 Qd7 11. Ng3 O-O-O 12. Bb5 Bd5 13. Qf4 Bxg2 14. Rg1
Bd5 15. Bb4 Kb8 16. Qg5 Nxd4 17. Bxd7 Nf3+ 18. Ke2 Nxg5 19. Bb5 a6 20. Bd3 Bf3+
21. Kd2 c5 0-1

[Event "II Festival Scacchisti.it A"]
[Site "Acqui Terme ITA"]
[Date "2013.07.10"]
[Round "5"]
[White "Pescatore, Lorenzo"]
[Black "Kachiani-Gersinska, Ketino"]
[WhiteElo "2230"]
[BlackElo "2362"]
[Result "0-1"]
[PlyCount "87"]
[EventDate "2013.07.07"]

1. e4 c6 2. c4 e5 3. Nf3 d6 4. d4 Nd7 5. Nc3 Ngf6 6. Be2 Be7 7. O-O O-O 8. Be3
Qe8 9. Ne1 Bd8 10. f3 Qe7 11. dxe5 dxe5 12. Na4 Bc7 13. Qc2 Rd8 14. c5 Nf8 15.
Bc4 Ne6 16. Bxe6 Bxe6 17. Nd3 Nh5 18. Rad1 Rd7 19. Rd2 Rad8 20. Rfd1 f6 21. b3
g5 22. Nf2 Nf4 23. g3 Ng6 24. Ng4 Kg7 25. Rxd7 Rxd7 26. Nf2 h5 27. Rxd7 Qxd7
28. Qd2 Qe7 29. Qd1 h4 30. Kg2 Qe8 31. g4 Nf4+ 32. Kf1 Qc8 33. Nb2 b5 34. cxb6
axb6 35. Bxf4 exf4 36. a4 Qa6+ 37. Kg1 Be5 38. Nc4 Bxc4 39. bxc4 Qxc4 40. Qd7+
Qf7 41. Qd8 c5 42. h3 Qa2 43. Qd5 Qxa4 44. Qb7+ 0-1

[Event "II Festival Scacchisti.it A"]
[Site "Acqui Terme ITA"]
[Date "2013.07.10"]
[Round "5"]
[White "Sergeev, Vladimir"]
[Black "Kirsanova, Ekaterina"]
[WhiteElo "2436"]
[BlackElo "2153"]
[Result "1-0"]
[PlyCount "72"]
[EventDate "2013.07.07"]

1. c4 c5 2. g3 Nf6 3. Bg2 Nc6 4. Nc3 g6 5. a3 Bg7 6. Rb1 a5 7. e3 e5 8. Nge2 d6
9. d3 Be6 10. Nd5 O-O 11. Nec3 Ne7 12. Nxf6+ Bxf6 13. Bxb7 Rb8 14. Bg2 Bg7 15.
O-O f5 16. Bd2 g5 17. Re1 Qd7 18. Nd5 Bxd5 19. cxd5 a4 20. b4 axb3 21. Rxb3 Ra8
22. Qc2 f4 23. Reb1 Ra7 24. Qd1 fxe3 25. fxe3 Qf5 26. e4 Qf2+ 27. Kh1 g4 28.
Be1 Qe3 29. Qxg4 Kh8 30. h4 Rg8 31. Qg5 Qe2 32. Qd2 Qg4 33. Qd1 Qg6 34. Bh3 Bh6
35. Rb8 Rxa3 36. Rf8 Rxf8 1-0

[Event "II Festival Scacchisti.it A"]
[Site "Acqui Terme ITA"]
[Date "2013.07.11"]
[Round "6"]
[White "Drasko, Milan"]
[Black "Djuric, Stefan"]
[WhiteElo "2458"]
[BlackElo "2434"]
[Result "1/2-1/2"]
[PlyCount "20"]
[EventDate "2013.07.07"]

1. d4 Nf6 2. c4 e6 3. Nf3 Bb4+ 4. Bd2 Qe7 5. g3 Nc6 6. Bg2 Bxd2+ 7. Nbxd2 d6 8.
O-O O-O 9. e4 e5 10. d5 Nb8 1/2-1/2

[Event "II Festival Scacchisti.it A"]
[Site "Acqui Terme ITA"]
[Date "2013.07.11"]
[Round "6"]
[White "Kachiani-Gersinska, Ketino"]
[Black "Aleksic, Nenad"]
[WhiteElo "2362"]
[BlackElo "2366"]
[Result "1/2-1/2"]
[PlyCount "56"]
[EventDate "2013.07.07"]

1. c4 b6 2. d4 e6 3. e4 Bb7 4. Bd3 f5 5. exf5 Bb4+ 6. Kf1 Nf6 7. Nf3 O-O 8. Bg5
Be7 9. Nc3 c5 10. dxc5 bxc5 11. h4 Bxf3 12. gxf3 exf5 13. Bxf5 Nc6 14. Bxf6
Bxf6 15. Qd5+ Kh8 16. Be4 Be5 17. Qxc5 Qf6 18. Rd1 Bxc3 19. bxc3 Rae8 20. Qg5
Qxc3 21. Rxd7 Rxe4 22. fxe4 h6 23. Qg6 Nd8 24. Rxd8 Qxc4+ 25. Kg2 Rxd8 26. Rb1
Qxa2 27. Rb7 Rg8 28. Qf5 a5 1/2-1/2

[Event "II Festival Scacchisti.it A"]
[Site "Acqui Terme ITA"]
[Date "2013.07.11"]
[Round "6"]
[White "Laketic, Gojko"]
[Black "Sergeev, Vladimir"]
[WhiteElo "2411"]
[BlackElo "2436"]
[Result "1/2-1/2"]
[PlyCount "96"]
[EventDate "2013.07.07"]

1. d4 Nf6 2. Nf3 g6 3. c4 Bg7 4. Nc3 d6 5. e4 Bg4 6. Be2 O-O 7. Be3 Nfd7 8. Rc1
a6 9. a4 Nc6 10. Ng1 e5 11. d5 Bxe2 12. Ngxe2 Nb4 13. O-O Nc5 14. Rb1 a5 15.
Nc1 Qh4 16. Bxc5 dxc5 17. Nd3 Qe7 18. Re1 h5 19. Qe2 Bh6 20. Rbd1 Rad8 21. Nb5
Kh7 22. Nxb4 axb4 23. d6 cxd6 24. Rd5 Rd7 25. Red1 Rfd8 26. R1d3 Qe6 27. Qd1
Bf8 28. h3 b6 29. b3 Kg8 30. Rg3 h4 31. Rgd3 Be7 32. Qe2 Kf8 33. Qd2 Kg7 34.
Qd1 Qf6 35. Qd2 Qe6 36. Qd1 Bf8 37. Qd2 f6 38. Qd1 Kf7 39. Rf3 Ke8 40. Qc2 Bh6
41. Rfd3 Ke7 42. Rd1 f5 43. Qe2 Bf4 44. R1d3 fxe4 45. Qxe4 Qf5 46. Qe2 Qe6 47.
Qe4 Qf5 48. Qe2 Qe6 1/2-1/2

[Event "II Festival Scacchisti.it A"]
[Site "Acqui Terme ITA"]
[Date "2013.07.12"]
[Round "7"]
[White "Aleksic, Nenad"]
[Black "Laketic, Gojko"]
[WhiteElo "2366"]
[BlackElo "2411"]
[Result "1/2-1/2"]
[PlyCount "26"]
[EventDate "2013.07.07"]

1. d4 Nf6 2. Nf3 g6 3. c3 Bg7 4. Bg5 h6 5. Bh4 d6 6. e3 g5 7. Bg3 Nh5 8. Be2 e6
9. Nbd2 Nxg3 10. hxg3 Nd7 11. g4 Qe7 12. Ne4 a6 13. Ned2 b6 1/2-1/2

[Event "II Festival Scacchisti.it A"]
[Site "Acqui Terme ITA"]
[Date "2013.07.12"]
[Round "7"]
[White "Kachiani-Gersinska, Ketino"]
[Black "Mollero, Michele"]
[WhiteElo "2362"]
[BlackElo "2230"]
[Result "1-0"]
[PlyCount "43"]
[EventDate "2013.07.07"]

1. c4 c5 2. Nf3 g6 3. d4 cxd4 4. Nxd4 Bg7 5. e4 Nc6 6. Nc2 d6 7. Be2 Nf6 8. Nc3
O-O 9. O-O b6 10. Bg5 Bb7 11. Qd2 Rc8 12. f3 Nd7 13. Bh6 a6 14. Rac1 Re8 15.
Bxg7 Kxg7 16. Ne3 Nf6 17. f4 b5 18. cxb5 axb5 19. Bxb5 Qb6 20. a4 Red8 21. Qf2
Na5 22. Nf5+ 1-0

[Event "II Festival Scacchisti.it A"]
[Site "Acqui Terme ITA"]
[Date "2013.07.12"]
[Round "7"]
[White "Melone, Antonio"]
[Black "Efimov, Igor"]
[WhiteElo "2109"]
[BlackElo "2402"]
[Result "1-0"]
[PlyCount "77"]
[EventDate "2013.07.07"]

1. d4 d5 2. c4 c6 3. Nc3 dxc4 4. e3 b5 5. a4 b4 6. Na2 e6 7. Bxc4 Nf6 8. Nf3 a5
9. O-O Nbd7 10. Qe2 Be7 11. Rd1 O-O 12. e4 Nb6 13. Bd3 Nfd7 14. e5 Nd5 15. h4
c5 16. Bg5 cxd4 17. Qe4 g6 18. Qxd4 Nc5 19. Bc4 Nxa4 20. Bxe7 Qxe7 21. Bxd5
exd5 22. b3 Nc5 23. Nxb4 Bb7 24. Nxd5 Bxd5 25. Qxd5 Rab8 26. Nd4 Ne6 27. Nc6
Qxh4 28. Nxb8 Rxb8 29. Rxa5 Kg7 30. Qc4 Qg5 31. Rd7 Qf5 32. Raa7 Rf8 33. Re7
Nf4 34. e6 Qg4 35. Rxf7+ Kh6 36. Qxf4+ Qxf4 37. Rxf4 Rxf4 38. e7 Re4 39. b4 1-0

[Event "II Festival Scacchisti.it A"]
[Site "Acqui Terme ITA"]
[Date "2013.07.12"]
[Round "7"]
[White "Sergeev, Vladimir"]
[Black "Sedina, Elena"]
[WhiteElo "2436"]
[BlackElo "2313"]
[Result "1/2-1/2"]
[PlyCount "21"]
[EventDate "2013.07.07"]

1. f4 d5 2. Nf3 g6 3. g3 Bg7 4. Bg2 c6 5. O-O Nh6 6. c3 O-O 7. Na3 Nf5 8. Qe1
Nd7 9. Qf2 Nf6 10. e3 Nd6 11. d3 1/2-1/2

[Event "II Festival Scacchisti.it A"]
[Site "Acqui Terme ITA"]
[Date "2013.07.13"]
[Round "8"]
[White "Aghayev, Miragha"]
[Black "Melone, Antonio"]
[WhiteElo "2299"]
[BlackElo "2109"]
[Result "1-0"]
[PlyCount "41"]
[EventDate "2013.07.07"]

1. c4 Nf6 2. Nf3 g6 3. d4 c5 4. Nc3 cxd4 5. Nxd4 Bg7 6. e4 d6 7. Be2 O-O 8. O-O
Nc6 9. Be3 a6 10. b3 Bd7 11. Rc1 b6 12. Kh1 Nxd4 13. Bxd4 e6 14. Bxf6 Bxf6 15.
Qxd6 Be7 16. Qg3 Bh4 17. Qe3 f5 18. exf5 exf5 19. Bf3 Re8 20. Qd4 Bf6 21. Qd5+
1-0

[Event "II Festival Scacchisti.it A"]
[Site "Acqui Terme ITA"]
[Date "2013.07.13"]
[Round "8"]
[White "De Filomeno, Simone"]
[Black "Drasko, Milan"]
[WhiteElo "2385"]
[BlackElo "2458"]
[Result "0-1"]
[PlyCount "57"]
[EventDate "2013.07.07"]

1. e4 e6 2. d4 d5 3. Nc3 Bb4 4. e5 Ne7 5. a3 Bxc3+ 6. bxc3 c5 7. Qg4 Kf8 8. Nf3
Qc7 9. dxc5 Nd7 10. Be2 Nxe5 11. Nxe5 Qxe5 12. Qd4 Nc6 13. Qxe5 Nxe5 14. Bf4 f6
15. Rb1 Ke7 16. Kd2 Rd8 17. Ke3 b6 18. Bb5 Bd7 19. Bxe5 fxe5 20. c6 Be8 21. c7
Rdc8 22. Bxe8 Kxe8 23. c4 Rxc7 24. cxd5 exd5 25. f4 Rc3+ 26. Kd2 Rac8 27. fxe5
Rxc2+ 28. Kd3 Ke7 29. Rb4 0-1

[Event "II Festival Scacchisti.it A"]
[Site "Acqui Terme ITA"]
[Date "2013.07.13"]
[Round "8"]
[White "Kirsanova, Ekaterina"]
[Black "Bosca, valter"]
[WhiteElo "2153"]
[BlackElo "1997"]
[Result "1-0"]
[PlyCount "31"]
[EventDate "2013.07.07"]

1. d4 d5 2. Nf3 Nf6 3. e3 c5 4. b3 e6 5. Bd3 Nc6 6. Bb2 cxd4 7. exd4 Be7 8.
Nbd2 Bd7 9. a3 O-O 10. O-O Rb8 11. c4 dxc4 12. bxc4 Rc8 13. Qe2 Qc7 14. d5 exd5
15. cxd5 Nxd5 16. Qe4 1-0